Regions of Syria (with map!) - Statistics

General Stats
  • This quiz has been taken 3,836 times
  • The average score is 8 of 13
Answers on the Map
Answers color-coded by a green-red scale on the quiz's map according to % correct below.
 
Answer Stats
Governorate % Correct
Damascus
96%
Aleppo
91%
Homs
81%
Latakia
70%
Hama
69%
Idlib
65%
Tartus
64%
Al Raqqah
63%
Deir Ez-Zor
57%
Daraa
49%
Al Hasakah
48%
Al Suwayda
39%
Rif Dimashq
33%
No matching quizzes found
Score Distribution
Percent of People with Each Score
Percentile by Number Answered
Your Score History
You have not taken this quiz